Динамика полета. Устойчивость и управляемость: пер. с англ.

Dades bibliogràfiques
Autor principal: Эткин Б. Бернард
Altres autors: Микеладзе В. Г. (редактор)
Sumari:Доп. тит. лист на англ. языке
Idioma:rus
Publicat: Москва, Машиностроение, 1964
Matèries:
Format: MixedMaterials Llibre
KOHA link:https://koha.lib.tpu.ru/cgi-bin/koha/opac-detail.pl?biblionumber=81538

MARC

LEADER 00000nam0a2200000 4500
001 81538
005 20231031095217.0
035 |a (RuTPU)RU\TPU\book\87645 
090 |a 81538 
100 |a 20050921d1964 k y0rusy50 ca 
101 1 |a rus  |c eng 
102 |a RU 
105 |a a z 001zy 
200 1 |a Динамика полета. Устойчивость и управляемость  |e пер. с англ.  |f Б. Эткин  |g под ред. В. Г. Микеладзе 
210 |a Москва  |c Машиностроение  |d 1964 
215 |a 494 с.  |c ил. 
300 |a Доп. тит. лист на англ. языке 
320 |a Библиогр. в конце гл. 
610 1 |a производные устойчивости 
610 1 |a устойчивость 
610 1 |a управляемость 
610 1 |a полеты 
610 1 |a снаряды 
610 1 |a производные второго порядка 
610 1 |a автоматические системы управления 
610 1 |a аэродинамика 
675 |a 629.135.2  |v 3 
675 |a 533.6  |v 3 
700 1 |a Эткин  |b Б.  |g Бернард 
702 1 |a Микеладзе  |b В. Г.  |4 340 
801 1 |a RU  |b 63413507  |c 20050921  |g PSBO 
801 2 |a RU  |b 63413507  |c 20140428  |g PSBO 
942 |c BK